| 000 | 00715nam a22002057a 4500 | ||
|---|---|---|---|
| 005 | 20241205113322.0 | ||
| 010 | _aENG-142838 | ||
| 020 |
_a9789387871151 _c225.00 |
||
| 035 | _aEN-126370 | ||
| 037 | _bDBAD | ||
| 082 | _a333.790954021 | ||
| 245 |
_aNational Conference on Energy and environment Nconee'18/ _cEdited by M. Muthukannan...[et.al] |
||
| 260 |
_aTamil Nadu _bShanlax publications _c2023 |
||
| 270 |
_a61, 66 T.P.K. Main Road, Vasantha Nagar, _bMadurai, Tamil Nadu _e625003 |
||
| 300 |
_a75p. _c28cm(pb) |
||
| 700 |
_aGaneshmoorthy, V. _eAuthor _974718 |
||
| 700 |
_aV. Dinesh Kumar _eAuthor _974719 |
||
| 700 |
_aK. Vijayrakesh _eAuthor _974720 |
||
| 942 |
_2ddc _cEN _h33.790954021 _mNAT |
||
| 999 |
_c207423 _d207423 |
||